00849nam a22001937a 450000500170000000800410001702000180005804100080007604400070008408200170009124501150010826001130022330000410033650001010037765001110047870000200058970000230060970000230063220170425020001.0140428b2011 ck ||||| |||| 00| 0 spa d a9789589973110 aspa ack a333.72bS52c10aCorredor de conservación Chingaza - Sumapaz - Guerrero :bresultados del diseño y lineamientos de acción aBogotábConservación Internacional ColombiabEmpresa de Acueducto y Alcantarillado de Bogotá ESPc2011 a184 p.bil., mapas, tablas, c21 cm. aIncluye dos mapas: Cobertura de la tierra CID-034592 Zonificación para la gestión CID-034593 aConservaciónzChingaza (Páramo, Colombia)zSumapaz (Páramo, Colombia)zGuerrero (Páramo, Colombia)1 aSguerra, Sandra1 aBejarano, Patricia1 aRodriguez, Octavio